[Event "Hostdans Ladies-Veterans"]
[Site "Copenhagen DEN"]
[Date "1997.07.15"]
[Round "1"]
[White "Taimanov, Mark"]
[Black "Cramling, Pia"]
[Result "0-1"]
[WhiteElo "2425"]
[BlackElo "2520"]
[EventDate "1997.07.15"]
[PlyCount "74"]

1.Nf3 Nf6 2.b3 g6 3.Bb2 Bg7 4.g3 c5 5.c4 d6 6.Bg2 e5 7.O-O Nc6 8.e3 O-O 9.
d3 Ne8 10.Nc3 Nc7 11.a3 Be6 12.Rc1 Rc8 13.Re1 h6 14.Nd2 Qd7 15.Nd5 f5 16.
b4 Qf7 17.b5 Bxd5 18.cxd5 Ne7 19.Nc4 Rcd8 20.Na5 Rb8 21.d4 exd4 22.Bxd4 
Nxb5 23.Bxg7 Qxg7 24.Qd3 Nc7 25.Rb1 b5 26.e4 c4 27.Qe3 fxe4 28.Bxe4 Nexd5 
29.Qxa7 Nc3 30.Nc6 Rbe8 31.Bxg6 Qxg6 32.Qxc7 Nxb1 33.Ne7+ Rxe7 34.Rxe7 Nd2
35.Kg2 Qf6 36.f4 c3 37.Qb7 Qf5 0-1

[Event "Hostdans Ladies-Veterans"]
[Site "Copenhagen DEN"]
[Date "1997.07.17"]
[Round "2"]
[White "Ioseliani, Nana"]
[Black "Hort, Vlastimil"]
[Result "1/2-1/2"]
[WhiteElo "2520"]
[BlackElo "2510"]
[EventDate "1997.07.15"]
[PlyCount "122"]

1.d4 Nf6 2.c4 d6 3.Nf3 g6 4.g3 Bg7 5.Bg2 O-O 6.O-O Nbd7 7.Nc3 e5 8.h3 c6 
9.e4 Qb6 10.d5 cxd5 11.cxd5 Nc5 12.Re1 Bd7 13.Rb1 a5 14.Be3 Rfc8 15.Nd2 
Qd8 16.Qe2 a4 17.Rec1 Ne8 18.b4 axb3 19.Nxb3 Na4 20.Nxa4 Rxa4 21.f3 h5 22.
Qf2 f5 23.Bb6 Rxc1+ 24.Rxc1 Qa8 25.Rc2 Bf6 26.Qe2 Bd8 27.Be3 Nf6 28.Bf2 h4
29.g4 fxg4 30.fxg4 Nh7 31.Kh1 Bg5 32.Bb6 Nf6 33.Bf2 Kg7 34.Kg1 Qa6 35.Qxa6
bxa6 36.Nd2 Bf4 37.Nc4 Bb5 38.Nxd6 Bd3 39.Rc7+ Kg8 40.Rc8+ Kh7 41.Rc7+ Kg8
42.Rc3 Bb1 43.g5 Bxg5 44.Rc8+ Kg7 45.Rc7+ Kg8 46.Nf7 Bf4 47.Bxh4 Nxe4 48.
d6 Be3+ 49.Kh2 Bf4+ 50.Kh1 Rd4 51.d7 Rd1+ 52.Bf1 Rxf1+ 53.Kg2 Rd1 54.d8=Q+
Rxd8 55.Nxd8 Bxa2 56.Nc6 g5 57.Be1 Bf7 58.Nb4 Nf6 59.Rc6 Kg7 60.Rxa6 g4 
61.Bh4 Nd5 1/2-1/2

[Event "Hostdans Ladies-Veterans"]
[Site "Copenhagen DEN"]
[Date "1997.07.18"]
[Round "3"]
[White "Smyslov, Vassily"]
[Black "Arakhamia-Grant, Ketevan"]
[Result "0-1"]
[WhiteElo "2495"]
[BlackElo "2430"]
[EventDate "1997.07.15"]
[PlyCount "152"]

1.e4 c5 2.Nf3 e6 3.b3 b6 4.c4 Bb7 5.Nc3 Nf6 6.Qe2 Nc6 7.d3 d6 8.g3 Be7 9.
Bg2 O-O 10.O-O Nd7 11.Bb2 Nde5 12.Nd1 Bf6 13.Ne1 Nd4 14.Bxd4 cxd4 15.f4 
Nc6 16.Nf2 g6 17.Nf3 Bg7 18.h4 h5 19.Rae1 Qd7 20.Ng5 Rae8 21.g4 f6 22.Ngh3
hxg4 23.Qxg4 Qf7 24.Qg3 Kh8 25.Ng4 Ne7 26.Nh2 Qg8 27.Re2 Bc8 28.Kh1 Qh7 
29.Ref2 e5 30.Ng4 f5 31.Ng5 Qh5 32.Nh2 exf4 33.Qxf4 Be5 34.Qd2 Qxh4 35.Bh3
Kg7 36.Nhf3 Qh5 37.Nxe5 dxe5 38.Rh2 f4 39.Rg1 Rh8 40.Rgg2 f3 41.Rg3 Ref8 
42.Bf1 Qxh2+ 43.Qxh2 Rxh2+ 44.Kxh2 f2 45.Kg2 Nc6 46.Rf3 Rxf3 47.Nxf3 Bg4 
48.a3 a5 49.Nd2 Bd1 50.Kxf2 a4 51.bxa4 Bxa4 52.Bh3 Na5 53.Bc8 Bc2 54.Ke2 
Kf6 55.Nf3 Nb3 56.Ne1 Bb1 57.Bg4 Kg5 58.Bd7 Nc5 59.Be8 Kh6 60.Kd2 g5 61.
Nf3 Nxd3 62.Nh2 Kg7 63.Ng4 Kf8 64.Bb5 Ke7 65.c5 Nxc5 66.Nxe5 Bxe4 67.a4 
Ke6 68.Nc4 g4 69.Nxb6 g3 70.Ke2 d3+ 71.Ke3 g2 72.Kf2 d2 73.Be2 Nd3+ 74.Kg1
Nf4 75.Bg4+ Kf7 76.Kh2 Nh3 0-1

[Event "Hostdans Ladies-Veterans"]
[Site "Copenhagen DEN"]
[Date "1997.07.18"]
[Round "3"]
[White "Taimanov, Mark"]
[Black "Xie Jun"]
[Result "1/2-1/2"]
[WhiteElo "2425"]
[BlackElo "2495"]
[EventDate "1997.07.15"]
[PlyCount "114"]

1.Nf3 Nf6 2.b3 g6 3.Bb2 Bg7 4.g3 O-O 5.Bg2 c5 6.c4 d6 7.O-O e5 8.Nc3 Nc6 
9.d3 Rb8 10.a3 a6 11.Ne1 Be6 12.Nd5 Bd7 13.b4 cxb4 14.Nxb4 Qc8 15.Rc1 Bh3 
16.Nd5 Qe6 17.e4 Bxg2 18.Nxf6+ Bxf6 19.Nxg2 Bg7 20.Qe2 Rbe8 21.Rce1 Qh3 
22.f4 f5 23.Qf3 exf4 24.Nxf4 Qg4 25.Qxg4 fxg4 26.Bxg7 Kxg7 27.Rb1 Rf7 28.
Rb6 Ree7 29.Nd5 Rd7 30.Rxf7+ Rxf7 31.Nb4 Ne5 32.Rxd6 Nf3+ 33.Kg2 Ne1+ 34.
Kg1 a5 35.Nd5 Nxd3 36.Ne3 Ne5 37.Rd5 Nf3+ 38.Kg2 h5 39.Rxa5 Nd2 40.Rb5 
Nxe4 41.Re5 Nd2 42.Re6 Nf3 43.Nd5 Rd7 44.a4 Nd2 45.Nb6 Rc7 46.a5 Kf7 47.
Rd6 Nb3 48.Rd5 Rc5 49.Rd7+ Ke6 50.Rxb7 Rxa5 51.Na4 Nd4 52.Rb6+ Kf5 53.Rd6 
Ke4 54.Nc3+ Kd3 55.Nb5 Ra2+ 56.Kg1 Ra1+ 57.Kg2 Ra2+ 1/2-1/2

[Event "Hostdans Ladies-Veterans"]
[Site "Copenhagen DEN"]
[Date "1997.07.19"]
[Round "4"]
[White "Arakhamia-Grant, Ketevan"]
[Black "Hort, Vlastimil"]
[Result "0-1"]
[WhiteElo "2430"]
[BlackElo "2510"]
[EventDate "1997.07.15"]
[PlyCount "116"]

1.e4 e5 2.Nc3 Nc6 3.Bc4 d6 4.d3 Na5 5.Nge2 Ne7 6.O-O Nxc4 7.dxc4 Ng6 8.Be3
Be6 9.Qd3 Be7 10.c5 a6 11.cxd6 Bxd6 12.Nd5 O-O 13.c4 c6 14.Nb6 Rb8 15.Rfd1
Be7 16.Qc2 Qc7 17.Ng3 Rfd8 18.Nf5 Rxd1+ 19.Rxd1 Rd8 20.Rf1 Bf8 21.c5 Nf4 
22.Nc4 Bxc4 23.Qxc4 Ne6 24.b4 Qd7 25.Qc3 g6 26.Ng3 Qd3 27.Qxd3 Rxd3 28.Rb1
Ra3 29.Rb2 a5 30.bxa5 Bxc5 31.Bd2 Nd4 32.Kf1 Nb5 33.Ne2 Nd6 34.Be1 Nxe4 
35.Rxb7 Rxa2 36.f3 Nd2+ 37.Bxd2 Rxd2 38.Ke1 Ra2 39.Rc7 Be3 40.Kd1 c5 41.
Ra7 Kg7 42.g4 c4 43.Rc7 Ra1+ 44.Kc2 Rxa5 45.Rxc4 Rd5 46.Kb3 Rd2 47.Rc2 Kh6
48.Rxd2 Bxd2 49.Kc4 Kg5 50.Ng3 Bf4 51.Ne4+ Kh4 52.Nd6 Kh3 53.Kd3 Kxh2 54.
Nxf7 Kg2 55.Ke2 h5 56.Nh8 h4 57.Nxg6 h3 58.Nh4+ Kg1 0-1

[Event "Hostdans Ladies-Veterans"]
[Site "Copenhagen DEN"]
[Date "1997.07.19"]
[Round "4"]
[White "Ioseliani, Nana"]
[Black "Portisch, Lajos"]
[Result "0-1"]
[WhiteElo "2520"]
[BlackElo "2610"]
[EventDate "1997.07.15"]
[PlyCount "122"]

1.e4 c5 2.Nf3 e6 3.d4 cxd4 4.Nxd4 a6 5.Nc3 Qc7 6.Be2 Nf6 7.O-O d6 8.a4 Nc6
9.Be3 Be7 10.f4 O-O 11.Kh1 Re8 12.Bf3 Rb8 13.g4 Bf8 14.g5 Nd7 15.Bg2 g6 
16.Qf3 b6 17.Qh3 Nb4 18.f5 Nc5 19.Rf4 exf5 20.exf5 Bb7 21.fxg6 fxg6 22.
Raf1 Bxg2+ 23.Qxg2 Qb7 24.Qxb7 Rxb7 25.Ne6 Nxe6 26.Rxb4 Bg7 27.Nd5 Nc7 28.
Nxc7 Rxc7 29.Bxb6 Rxc2 30.b3 Rb8 31.a5 Be5 32.Rh4 Rbc8 33.Rf2 Rc1+ 34.Kg2 
Rb1 35.b4 Rcc1 36.Re2 Rb3 37.Bd8 Rbb1 38.Bb6 Kg7 39.Bd4 Bxd4 40.Rxd4 Rg1+ 
41.Kf2 Rxg5 42.Rxd6 Rf5+ 43.Ke3 Rxb4 44.Rxa6 Re5+ 45.Kf2 Rxe2+ 46.Kxe2 
Rb2+ 47.Kf3 Rxh2 48.Rb6 Ra2 49.a6 h5 50.Kf4 Kh6 51.Kg3 Ra4 52.Kh3 Kg5 53.
Rc6 Ra3+ 54.Kg2 h4 55.Rc5+ Kg4 56.Rc4+ Kh5 57.Rc6 g5 58.Rb6 h3+ 59.Kh2 Kh4
60.Rh6+ Kg4 61.Rb6 Ra2+ 0-1

[Event "Hostdans Ladies-Veterans"]
[Site "Copenhagen DEN"]
[Date "1997.07.19"]
[Round "4"]
[White "Cramling, Pia"]
[Black "Spassky, Boris"]
[Result "1/2-1/2"]
[WhiteElo "2520"]
[BlackElo "2550"]
[EventDate "1997.07.15"]
[PlyCount "34"]

1.d4 Nf6 2.c4 e6 3.Nf3 b6 4.a3 Bb7 5.Nc3 d5 6.cxd5 Nxd5 7.Qc2 Be7 8.e4 
Nxc3 9.bxc3 c5 10.Bb5+ Bc6 11.Bd3 Nd7 12.O-O Qc7 13.Re1 Bb7 14.Qe2 O-O 15.
Bd2 Rac8 16.a4 e5 17.d5 c4 1/2-1/2

[Event "Hostdans Ladies-Veterans"]
[Site "Copenhagen DEN"]
[Date "1997.07.21"]
[Round "5"]
[White "Taimanov, Mark"]
[Black "Ioseliani, Nana"]
[Result "1/2-1/2"]
[WhiteElo "2425"]
[BlackElo "2520"]
[EventDate "1997.07.15"]
[PlyCount "106"]

1.d4 d5 2.c4 e6 3.Nf3 c6 4.e3 Nd7 5.b3 Ngf6 6.Bd3 Bd6 7.O-O O-O 8.Ba3 Bxa3
9.Nxa3 Qe7 10.Nc2 e5 11.dxe5 Nxe5 12.Nxe5 Qxe5 13.Nd4 dxc4 14.Bxc4 c5 15.
Nf3 Qe7 16.Qc2 b6 17.Rfd1 Bd7 18.h3 Rad8 19.Rac1 h6 20.Nh4 Kh8 21.Nf5 Bxf5
22.Qxf5 g6 23.Qf4 Kg7 24.a4 Rfe8 25.Bb5 Rxd1+ 26.Rxd1 Rd8 27.Rxd8 Qxd8 28.
Bc4 Qe7 29.Kf1 Ne8 30.h4 Nd6 31.Bd5 g5 32.hxg5 hxg5 33.Qf3 Qe5 34.g4 a6 
35.Qd1 b5 36.axb5 axb5 37.Bf3 Kf6 38.Qd5 Qxd5 39.Bxd5 Ke5 40.Bc6 b4 41.Ke2
c4 42.bxc4 b3 43.Kd3 Nxc4 44.Be8 Ke6 45.Kc3 b2 46.Kc2 f6 47.Bg6 Kd5 48.Bh7
Kc5 49.Kc3 Kd5 50.Kc2 Ne5 51.Bf5 Nc4 52.Bh7 Ne5 53.Bf5 Nc4 1/2-1/2

[Event "Hostdans Ladies-Veterans"]
[Site "Copenhagen DEN"]
[Date "1997.07.21"]
[Round "5"]
[White "Hort, Vlastimil"]
[Black "Xie Jun"]
[Result "1/2-1/2"]
[WhiteElo "2510"]
[BlackElo "2495"]
[EventDate "1997.07.15"]
[PlyCount "76"]

1.e4 e5 2.Nf3 Nc6 3.Bb5 a6 4.Ba4 Nf6 5.O-O b5 6.Bb3 Be7 7.d3 d6 8.a4 Bd7 
9.Nc3 Na5 10.Ba2 b4 11.Ne2 O-O 12.Ng3 c5 13.Bg5 h6 14.Bd2 Nc6 15.Re1 Rb8 
16.Bc4 a5 17.Nf1 Nh7 18.Ne3 Ng5 19.c3 Nxf3+ 20.Qxf3 Bg5 21.Bb5 Ne7 22.Bc4 
Nc8 23.Qd1 Nb6 24.Bb3 Qf6 25.Re2 Rfc8 26.h3 Rc7 27.Nd5 Nxd5 28.Bxd5 Bxd2 
29.Qxd2 bxc3 30.bxc3 Be6 31.Bxe6 Qxe6 32.d4 Qc4 33.dxe5 dxe5 34.Re3 Rcb7 
35.Qd5 Rb1+ 36.Rxb1 Rxb1+ 37.Kh2 Qxd5 38.exd5 f6 1/2-1/2

[Event "Hostdans Ladies-Veterans"]
[Site "Copenhagen DEN"]
[Date "1997.07.21"]
[Round "5"]
[White "Spassky, Boris"]
[Black "Arakhamia-Grant, Ketevan"]
[Result "1/2-1/2"]
[WhiteElo "2550"]
[BlackElo "2430"]
[EventDate "1997.07.15"]
[PlyCount "31"]

1.d4 Nf6 2.c4 g6 3.Nc3 Bg7 4.e4 d6 5.Nf3 O-O 6.Be2 e5 7.d5 a5 8.Bg5 h6 9.
Bh4 Na6 10.Nd2 Qe8 11.g4 Nh7 12.f3 f5 13.a3 fxg4 14.fxg4 Bd7 15.Qc2 Bf6 
16.Bxf6 1/2-1/2

[Event "Hostdans Ladies-Veterans"]
[Site "Copenhagen DEN"]
[Date "1997.07.22"]
[Round "6"]
[White "Ioseliani, Nana"]
[Black "Smyslov, Vassily"]
[Result "1/2-1/2"]
[WhiteElo "2520"]
[BlackElo "2495"]
[EventDate "1997.07.15"]
[PlyCount "80"]

1.Nf3 d5 2.d4 Nf6 3.c4 c6 4.Nc3 dxc4 5.a4 Bf5 6.Ne5 Nbd7 7.Nxc4 Qc7 8.g3 
e5 9.dxe5 Nxe5 10.Bf4 Nfd7 11.Bg2 f6 12.Nxe5 fxe5 13.Be3 Bc5 14.Qc1 Bxe3 
15.Qxe3 a5 16.O-O Qb6 17.Qxb6 Nxb6 18.Ne4 Bxe4 19.Bxe4 Ke7 20.Rfc1 h6 21.
Ra3 Kd6 22.Rd3+ Kc7 23.b3 Rhd8 24.Rf3 Rd4 25.Rf7+ Rd7 26.Rf5 Re7 27.g4 Nd7
28.g5 hxg5 29.Rxg5 Kb6 30.Rc3 Nc5 31.Bf5 Rh8 32.Rcg3 Rh4 33.Bc2 Re8 34.
Rxg7 Reh8 35.h3 Rxh3 36.Rxh3 Rxh3 37.e3 Rh6 38.Rg5 Re6 39.Kf1 Re7 40.Ke2 
Nd7 1/2-1/2

[Event "Hostdans Ladies-Veterans"]
[Site "Copenhagen DEN"]
[Date "1997.07.22"]
[Round "6"]
[White "Cramling, Pia"]
[Black "Taimanov, Mark"]
[Result "1/2-1/2"]
[WhiteElo "2520"]
[BlackElo "2425"]
[EventDate "1997.07.15"]
[PlyCount "100"]

1.d4 Nf6 2.Nf3 e6 3.c4 Bb4+ 4.Nbd2 O-O 5.a3 Bxd2+ 6.Bxd2 Ne4 7.Be3 d5 8.
Rc1 dxc4 9.Rxc4 b6 10.g3 Bb7 11.Bg2 Nd6 12.Rc3 Nf5 13.Bg5 f6 14.Be3 Nc6 
15.O-O Nce7 16.Bc1 Rc8 17.Rd3 Be4 18.Rd2 Qd7 19.Ne1 Bxg2 20.Nxg2 Rfd8 21.
e3 Nd6 22.Qe2 Qb5 23.Qxb5 Nxb5 24.Rfd1 Kf7 25.Kf1 Nd6 26.Ke2 g5 27.h3 h5 
28.f3 g4 29.hxg4 hxg4 30.fxg4 Ne4 31.Rc2 Rh8 32.Kd3 Nxg3 33.e4 Ng6 34.Nf4 
Nxf4+ 35.Bxf4 Rh3 36.Rxc7+ Rxc7 37.Bxc7 Ke7 38.Bb8 Nf5+ 39.Ke2 Nd6 40.e5 
fxe5 41.dxe5 Nc4 42.Rc1 b5 43.Bxa7 Rh2+ 44.Kf3 Nxe5+ 45.Kg3 Rxb2 46.Bc5+ 
Kf7 47.Rf1+ Kg6 48.Re1 Rb3+ 49.Kg2 Nxg4 50.Rxe6+ Kf5 1/2-1/2

[Event "Hostdans Ladies-Veterans"]
[Site "Copenhagen DEN"]
[Date "1997.07.22"]
[Round "6"]
[White "Xie Jun"]
[Black "Spassky, Boris"]
[Result "1/2-1/2"]
[WhiteElo "2495"]
[BlackElo "2550"]
[EventDate "1997.07.15"]
[PlyCount "34"]

1.e4 e6 2.d4 d5 3.Nd2 c5 4.exd5 Qxd5 5.Ngf3 cxd4 6.Bc4 Qd6 7.O-O Nf6 8.Nb3
Nc6 9.Nbxd4 Nxd4 10.Nxd4 a6 11.c3 Qc7 12.Qe2 Bd6 13.h3 O-O 14.Rd1 Bh2+ 15.
Kh1 Bf4 16.Nf3 Bxc1 17.Raxc1 b5 1/2-1/2

[Event "Hostdans Ladies-Veterans"]
[Site "Copenhagen DEN"]
[Date "1997.07.23"]
[Round "7"]
[White "Taimanov, Mark"]
[Black "Arakhamia-Grant, Ketevan"]
[Result "1/2-1/2"]
[WhiteElo "2425"]
[BlackElo "2430"]
[EventDate "1997.07.15"]
[PlyCount "122"]

1.c4 g6 2.Nc3 Bg7 3.g3 Nf6 4.Bg2 O-O 5.e3 e5 6.Nge2 d6 7.O-O Re8 8.d3 Nc6 
9.Rb1 a5 10.a3 Be6 11.Nd5 Rb8 12.Nec3 Nd7 13.b4 axb4 14.axb4 Ne7 15.Nb5 
Bxd5 16.cxd5 Nb6 17.Nc3 f5 18.e4 Kh8 19.Be3 Nd7 20.Qd2 Rf8 21.f3 Nf6 22.b5
b6 23.Ra1 Nh5 24.d4 f4 25.Bf2 fxg3 26.hxg3 Qd7 27.dxe5 dxe5 28.Kh2 Nc8 29.
Bh3 Qf7 30.Be3 Nd6 31.Be6 Qe7 32.Qe2 Bf6 33.Ra7 Ng7 34.Bh3 h5 35.Kg2 h4 
36.Rh1 Nh5 37.gxh4 Nf4+ 38.Bxf4 exf4 39.Qd3 Nf7 40.d6 Qxd6 41.Qxd6 Nxd6 
42.Rxc7 Bxc3 43.Rxc3 Nxb5 44.Rc6 Rfd8 45.Bg4 Kg7 46.Rb1 Rd6 47.Rc2 Nd4 48.
Rc7+ Kf6 49.Re1 Nc6 50.Rh7 Ne5 51.Kh3 Rd2 52.Rc1 b5 53.Ra1 Rd6 54.h5 b4 
55.hxg6 b3 56.Bh5 b2 57.Rb1 Rdd8 58.Rh6 Kg7 59.Rh7+ Kf6 60.Rh6 Kg7 61.Rh7+
Kf6 1/2-1/2

[Event "Hostdans Ladies-Veterans"]
[Site "Copenhagen DEN"]
[Date "1997.07.25"]
[Round "8"]
[White "Arakhamia-Grant, Ketevan"]
[Black "Smyslov, Vassily"]
[Result "1-0"]
[WhiteElo "2430"]
[BlackElo "2495"]
[EventDate "1997.07.15"]
[PlyCount "100"]

1.e4 e5 2.Nc3 Nc6 3.Bc4 d6 4.f4 exf4 5.Nf3 Ne5 6.Nxe5 dxe5 7.Qh5 Qe7 8.d4 
exd4 9.Nd5 Nf6 10.Nxf6+ gxf6 11.O-O Be6 12.Bxe6 Qxe6 13.Qb5+ Qc6 14.Qxc6+ 
bxc6 15.Bxf4 O-O-O 16.e5 Bc5 17.exf6 d3+ 18.Kh1 dxc2 19.Rac1 Rd1 20.Rfxd1 
cxd1=Q+ 21.Rxd1 Re8 22.g3 Re6 23.Bg5 Be3 24.Bxe3 Rxe3 25.Rd2 Rf3 26.Kg2 
Rxf6 27.Kh3 c5 28.Kh4 c4 29.Kg5 Rg6+ 30.Kh5 Rd6 31.Rf2 Kd8 32.Rxf7 Rd2 33.
h4 Rxb2 34.Rf4 Rxa2 35.Rxc4 Ra6 36.g4 Re6 37.Rc5 c6 38.Ra5 Re7 39.Kh6 Rc7 
40.g5 Kc8 41.h5 Kb7 42.g6 hxg6 43.hxg6 Kb6 44.Rf5 a5 45.g7 Rxg7 46.Kxg7 a4
47.Kf6 c5 48.Ke5 Kb5 49.Ke4 Kc4 50.Rf3 Kb4 1-0

[Event "Hostdans Ladies-Veterans"]
[Site "Copenhagen DEN"]
[Date "1997.07.26"]
[Round "9"]
[White "Spassky, Boris"]
[Black "Cramling, Pia"]
[Result "1/2-1/2"]
[WhiteElo "2550"]
[BlackElo "2520"]
[EventDate "1997.07.15"]
[PlyCount "48"]

1.e4 c5 2.Nf3 e6 3.g3 b6 4.Bg2 Bb7 5.Qe2 Nf6 6.d3 d5 7.e5 Nfd7 8.O-O Qc7 
9.Bf4 Be7 10.Re1 h6 11.h4 Nc6 12.Nc3 O-O-O 13.Nxd5 exd5 14.e6 Bd6 15.exd7+
Qxd7 16.Bxd6 Qxd6 17.Ne5 Nxe5 18.Qxe5 Qxe5 19.Rxe5 Rhe8 20.Rae1 Rxe5 21.
Rxe5 Kc7 22.f4 Bc6 23.Re7+ Rd7 24.Re8 Rd8 1/2-1/2

[Event "Hostdans Ladies-Veterans"]
[Site "Copenhagen DEN"]
[Date "1997.07.26"]
[Round "9"]
[White "Hort, Vlastimil"]
[Black "Arakhamia-Grant, Ketevan"]
[Result "1/2-1/2"]
[WhiteElo "2510"]
[BlackElo "2430"]
[EventDate "1997.07.15"]
[PlyCount "58"]

1.d4 Nf6 2.c4 g6 3.Nc3 Bg7 4.e4 d6 5.Be2 O-O 6.Bg5 Na6 7.Nf3 h6 8.Be3 Ng4 
9.Bc1 e5 10.O-O c6 11.h3 exd4 12.Nxd4 Nf6 13.Re1 Nc5 14.Bf3 Re8 15.Bf4 g5 
16.Bc1 d5 17.cxd5 cxd5 18.exd5 Rxe1+ 19.Qxe1 g4 20.hxg4 Nxg4 21.Be3 Nd3 
22.Qd2 Nxe3 23.Qxd3 Bxd4 24.Qxd4 Nc2 25.Qe5 Nxa1 26.Ne4 a5 27.Nf6+ Kf8 28.
Nh7+ Kg8 29.Nf6+ Kf8 1/2-1/2

[Event "Hostdans Ladies-Veterans"]
[Site "Copenhagen DEN"]
[Date "1997.07.28"]
[Round "10"]
[White "Xie Jun"]
[Black "Hort, Vlastimil"]
[Result "1-0"]
[WhiteElo "2495"]
[BlackElo "2510"]
[EventDate "1997.07.15"]
[PlyCount "76"]

1.e4 c6 2.d4 d5 3.e5 Bf5 4.Nf3 e6 5.Be2 Ne7 6.O-O Bg6 7.c3 Nf5 8.Nbd2 c5 
9.g4 Nh4 10.Nxh4 Qxh4 11.f4 h5 12.g5 Nc6 13.Rf2 cxd4 14.Nf3 Qg4+ 15.Rg2 
Qf5 16.Nxd4 Bc5 17.Be3 Bxd4 18.cxd4 Qe4 19.Qd2 Rc8 20.Rf1 Bf5 21.Rgf2 g6 
22.Rc1 Ne7 23.Bb5+ Kf8 24.Qb4 Rxc1+ 25.Bxc1 a5 26.Qd6 Kg7 27.Qxe7 Rc8 28.
Bd2 Rc2 29.Qf6+ Kg8 30.Qd8+ Kg7 31.Qxa5 Rxb2 32.Bf1 h4 33.Qa3 Rb1 34.Qc3 
Rd1 35.h3 Qb1 36.Qb3 Qxb3 37.axb3 Bxh3 38.Bb4 Bf5 1-0